00375pab a2200145 454500008004000000100002700040245005500067260000900122300001100131362001200142650002300154650001500177700002600192773001100218180718b2004 xxu||||| |||| 00| 0 eng d aBhargava, Pushpa Mitra aRole of the state in the process of secularisation c2004 ap.5-6. aOct-Dec aSecularism - India aSecularism aChakrabarti, Chandana aAlpjan